LEADER 03329nam 2200589 a 450 001 9910785431903321 005 20230725030538.0 010 $a6612956232 010 $a1-282-95623-X 010 $a9786612956232 010 $a1-60750-651-3 035 $a(CKB)2670000000066546 035 $a(EBL)647900 035 $a(OCoLC)695984382 035 $a(SSID)ssj0000530093 035 $a(PQKBManifestationID)12197523 035 $a(PQKBTitleCode)TC0000530093 035 $a(PQKBWorkID)10568758 035 $a(PQKB)11589775 035 $a(MiAaPQ)EBC647900 035 $a(Au-PeEL)EBL647900 035 $a(CaPaEBR)ebr10440466 035 $a(CaONFJC)MIL295623 035 $a(EXLCZ)992670000000066546 100 $a20110202d2010 uy 0 101 0 $aeng 135 $aur|n|---||||| 181 $ctxt 182 $cc 183 $acr 200 10$aActual energy consumption in dwellings$b[electronic resource] $ethe effect of energy performance regulations and occupant behaviour /$fOlivia Guerra Santi?n 210 $aAmsterdam, The Netherlands $cIOS Press$d2010 215 $a1 online resource (252 p.) 225 1 $aSustainable urban areas,$x1574-6410 ;$v33 300 $a"Proefschrift ter verkrijging van de graad van doctor aan de Technische Universiteit Delft, op gezag van de Rector Magnificus prof. ir. K. Ch. A.M. Luyben, voorzitter van het College voor Promoties, in het openbaar te verdedigen op dinsdag 19 oktober 2010 om 15.00 uur door Olivia Guerra Santi?n"--Cover. 311 $a1-60750-650-5 320 $aIncludes bibliographical references. 327 $aTitle Page; Contents; Introduction; The effect of occupancy and building characteristics on energy use for space and water heating in Dutch residential stock; The effect of energy performance regulations on energy consumption; Occupants' behaviour. Determinants and effects on residential heating consumption; Behavioural patterns related to energy consumption for heating; Occupant behaviour in dwellings with improved thermal characteristics. Evidence of a rebound effect; Conclusions and recommendations; Summary; Samenvatting; Appendix 1. EPC calculations; Appendix 2. OTB Survey questionnaire 327 $aAppendix 3. Regression analysis (complete sample in the WoON database)Curriculum vitae 330 $aResidential buildings have continuously improved in energy efficiency, partly as a consequence of the introduction of energy regulations in many countries. Although better thermal properties and systems efficiency have lowered energy consumption for space heating in recent decades, substantial differences in energy consumption in similar dwellings are still being observed. These differences in consumption are thought to be caused by differences in occupancy patterns, by quality of construction and by rebound effects. This research addresses the effect of energy performance regulations and occu 410 0$aSustainable urban areas ;$v33. 606 $aDwellings$xEnergy consumption 615 0$aDwellings$xEnergy consumption. 676 $a644 700 $aGuerra Santin$b Olivia$01478961 801 0$bMiAaPQ 801 1$bMiAaPQ 801 2$bMiAaPQ 906 $aBOOK 912 $a9910785431903321 996 $aActual energy consumption in dwellings$93722744 997 $aUNINA LEADER 04361nam 2200853 450 001 9910818541903321 005 20200122165455.0 010 $a1-5261-1089-X 010 $a1-5261-1092-X 024 7 $a10.7765/9781526110923 035 $a(CKB)3710000000743407 035 $a(EBL)4705498 035 $a(SSID)ssj0001691194 035 $a(PQKBManifestationID)16540087 035 $a(PQKBTitleCode)TC0001691194 035 $a(PQKBWorkID)13077087 035 $a(PQKB)25079703 035 $a(Au-PeEL)EBL4705498 035 $a(CaPaEBR)ebr11274187 035 $a(OCoLC)960166056 035 $a(MiAaPQ)EBC4705498 035 $a(UkMaJRU)992979626609001631 035 $a(DE-B1597)658750 035 $a(DE-B1597)9781526110923 035 $a(EXLCZ)993710000000743407 100 $a20191128h20162014 fy| 0 101 0 $aeng 135 $aur||#---||||| 181 $ctxt$2rdacontent 182 $cc$2rdamedia 183 $acr$2rdacarrier 200 00$aEarly modern women and the poem /$fedited by Susan Wiseman 210 1$aManchester, UK :$cManchester University Press,$d2016. 210 4$dİ2014 215 $a1 online resource (272 pages) $cdigital file(s) 300 $aIncludes index. 311 $a1-5261-1684-7 311 $a0-7190-9072-5 320 $aIncludes bibliographical references and index. 327 $aEarly modern women and the poem; Half Title Page; Title Page; Copyright; Contents; Contributors; Preface and acknowledgements; Introduction: Researching early modern women and the poem: Susan Wiseman; Part I: Inheritance; CHAPTER 1: Women's poetry and classical authors: Lucy Hutchinson and the classicisation of scripture: Edward Paleit; CHAPTER 2: Elizabeth Melville and the religious sonnet sequence in Scotland and England: Sarah C. E. Ross; CHAPTER 3: The Sapphic context of Lady Mary Wroth's: Line Cottegnies 327 $aCHAPTER 4: Women poets and men's sentences: genre and literary tradition in Katherine Philips's early poetry: Gillian WrightPart II: Circulation; CHAPTER 5: 'We thy Sydnean Psalmes shall celebrate': collaborative authorship, Sidney's sister and the English devotional lyric: Suzanne Trill; CHAPTER 6: Mary Wroth and hermaphroditic circulation: Paul Salzman; CHAPTER 7: Sisterhood and female friendship in Constance Aston Fowler's verse miscellany: Helen Hackett; CHAPTER 8: Late seventeenth-century women poets and the anxiety of attribution: Margaret J. M. Ezell; Part III: Narrative 327 $aCHAPTER 9: Rethinking authorial reluctance in the paratexts to Anne Bradstreet's poetry: Patricia PenderCHAPTER 10: A 'goodly sample': exemplarity, female complaint and early modern women's poetry: Rosalind Smith; CHAPTER 11: 'The nine-liv'd Sex': women and justice in seventeenth-century popular poetry: Judith Hudson; CHAPTER 12: The contemplative woman's recreation? Katherine Austen and the estate poem: Susan Wiseman; AFTERWORD: Reading early modern women and the poem: Patricia Pender and Rosalind Smith; Index 330 $aExamine factors influencing the relationships between writers and readers of poetry in seventeenth-century England and Scotland 606 $aAuthors and patrons$zGreat Britain$xHistory 606 $aEnglish poetry$xWomen authors$xHistory and criticism 606 $aLiterature$2mup 606 $aLiterary Studies: Poetry & Poets$2bicssc 606 $aLITERARY CRITICISM / Poetry$2bisach 606 $aLiterary studies: poetry & poets$2thema 610 $aEngland. 610 $aScotland. 610 $aclassical authors. 610 $aclassical inheritance. 610 $acompetitions. 610 $aearly modern women. 610 $afemale friendships. 610 $aliterary production. 610 $apoem. 610 $areligious sonnet sequence. 610 $asecular sonnet sequence. 615 0$aAuthors and patrons$xHistory. 615 0$aEnglish poetry$xWomen authors$xHistory and criticism. 615 7$aLiterature 615 7$aLiterary Studies: Poetry & Poets 615 7$aLITERARY CRITICISM / Poetry 615 7$aLiterary studies: poetry & poets 676 $a821.0099287 686 $aHI 1249$2rvk 702 $aWiseman$b Susan 801 2$bUkMaJRU 906 $aBOOK 912 $a9910818541903321 996 $aEarly modern women and the poem$93918456 997 $aUNINA